Volume 2 : Bases culturelles des choix alimentaires et stratégies de développement (Record no. 28342)
[ view plain ]
| 000 -LEADER | |
|---|---|
| fixed length control field | 00860 a2200289 4500 |
| 020 ## - NUMERO INTERNATIONAL NORMALISE DES LIVRES | |
| International Standard Book Number | 92-3-203381-X |
| 100 ## - VEDETTE PRINCIPALE - NOM DE PERSONNE | |
| Personal name | HLADIH, Claude Marcel |
| 130 ## - VEDETTE PRINCIPALE - TITRE UNIFORME | |
| Language of a work | FR |
| 260 ## - PUBLICATION, DISTRIBUTION, ETC. (IMPRINT) | |
| Place of publication, distribution, etc | Paris |
| 260 ## - PUBLICATION, DISTRIBUTION, ETC. (IMPRINT) | |
| Name of publisher, distributor, etc | UNESCO |
| 245 ## - TITLE STATEMENT | |
| Title | Volume 2 : Bases culturelles des choix alimentaires et stratégies de développement |
| 260 ## - PUBLICATION, DISTRIBUTION, ETC. (IMPRINT) | |
| Date of publication, distribution, etc | 1996 |
| 300 ## - PHYSICAL DESCRIPTION | |
| Extent | pp.647-1406 |
| 300 ## - PHYSICAL DESCRIPTION | |
| Other physical details | couv. ill. en coul., ill. ; 23 cm. |
| 440 ## - SERIES STATEMENT/ADDED ENTRY--TITLE | |
| Title | L'Alimentation en forêt tropicale : interactions bioculturelles et perspectives de développement |
| 650 ## - SUBJECT ADDED ENTRY--TOPICAL TERM | |
| Topical term or geographic name as entry element | Forêt tropicale |
| 650 ## - SUBJECT ADDED ENTRY--TOPICAL TERM | |
| Topical term or geographic name as entry element | Ressource alimentaire |
| 650 ## - SUBJECT ADDED ENTRY--TOPICAL TERM | |
| Topical term or geographic name as entry element | Préférence alimentaire |
| 650 ## - SUBJECT ADDED ENTRY--TOPICAL TERM | |
| Topical term or geographic name as entry element | Alimentation humaine |
| 700 1# - ADDED ENTRY--PERSONAL NAME | |
| Personal name | HLADIK, Annette |
| 700 1# - ADDED ENTRY--PERSONAL NAME | |
| Personal name | PAGEZY, Hélène |
| 700 1# - ADDED ENTRY--PERSONAL NAME | |
| Personal name | LINARES, Olga F. |
| 700 1# - ADDED ENTRY--PERSONAL NAME | |
| Personal name | KOPPERT, Georgius J.A. |
| 700 1# - ADDED ENTRY--PERSONAL NAME | |
| Personal name | FROMENT, Alain |
| Withdrawn status | Lost status | Damaged status | Not for loan | Location (home branch) | Sublocation or collection (holding branch) | Date acquired | Koha issues (times borrowed) | Koha full call number | Koha date last seen | Copy number | Price effective from | Koha item type | Public note |
|---|---|---|---|---|---|---|---|---|---|---|---|---|---|
| Bibliothèque-Centre de Documentation de la Faculté des Sciences Agronomiques | Bibliothèque-Centre de Documentation de la Faculté des Sciences Agronomiques | AGE.1996.015 | 28/02/2009 | 1 | 28/02/2009 | Livre | A.7646 |